000
00317nam a2200145Ia 4500
100
_a
Mehta V.G
650
_a
General
942
_c
BK
654
_a
Income-Tax
245
_a
Income -Tax Ready Reckoner
260
_b
Shri kuber publication
_a
Bombay
_c
1993
082
_a
343
_b
Meh
300
_a
304
546
_a
ENGLISH
999
_c
26368
_d
26368